| 000 | 00666nam a22002537a 4500 | ||
|---|---|---|---|
| 003 | UA-OsUOA | ||
| 001 | 89829 | ||
| 007 | ta | ||
| 008 | 20121112b un ||||| |||| 00| 0 ukr d | ||
| 100 | _aКолесник М. | ||
| 090 |
_a821.161.2 _bК60 |
||
| 942 | _cBK | ||
| 040 |
_aUA-OsUOA _bukr _cUA-OsUOA _dUA-OsUOA |
||
| 245 |
_aДіти Асклепія _bроман |
||
| 300 |
_a568 с. _bІлюстрації |
||
| 955 | _a3 | ||
| 041 | _aukr | ||
| 080 | _a821.161.2 | ||
| 020 | _a5-308-00084-0 | ||
| 260 |
_aКиїв _bДніпро _c1988 |
||
| 044 | _aUA | ||
| 650 | 7 |
_a82 Література. Літературознавство _2UDC |
|
| 999 |
_c376111 _d376111 |
||